| 000 | 00812nam a2200193Ia 4500 | ||
|---|---|---|---|
| 003 | GCL | ||
| 008 | 140319s9999 xx 000 0 ara d | ||
| 040 |
_aGCL / _cGCL |
||
| 082 | 0 | 4 |
_a810.5 _bم م |
| 100 | 1 | _aالمجلس الاعلى لرعاية الفنون والاداب والعلوم الاجتماعية | |
| 245 | 1 | 0 |
_aمؤتمر الادباء العرب السادس / _cالمجلس الاعلى لرعاية الفنون والاداب والعلوم الاجتماعية |
| 260 |
_aالقاهرة : _bالمجلس الاعلى للفنون والاداب والعلوم الاجتماعية ، _c1968 |
||
| 300 |
_a420 ص ؛ _c22 سم |
||
| 650 | 0 | 4 | _aالادب العربى |
| 650 | 0 | 4 | _aالدوريات |
| 650 | 0 | 4 | _aتاريخ ونقد |
| 650 | 0 | 4 | _aالمجموعات |
| 942 |
_2ddc _cBK |
||
| 999 |
_c27087 _d27087 |
||